| 000 | 00369nam a2200145Ia 4500 | ||
|---|---|---|---|
| 005 | 20250729165354.0 | ||
| 008 | 250729s2004 xx 000 0 und d | ||
| 041 | _aeng | ||
| 082 | _a370.15 DASE | ||
| 100 |
_aDash B N _9222126 |
||
| 245 | _aElementary Educational | ||
| 260 |
_aNew Delhi _bNeelkamal Publication _c2004 |
||
| 300 | _a151p | ||
| 650 |
_aEducation _9222127 |
||
| 999 |
_c235314 _d235314 |
||